| 000 | 01199cam a22003015a 4500 | ||
|---|---|---|---|
| 999 |
_c14239 _d14239 |
||
| 003 | EG-ScBUE | ||
| 005 | 20200119122938.0 | ||
| 008 | 100628s1985 jo f b 001 0 ara d | ||
| 040 |
_aEG- ScBUE _bara _erda _cEG- ScBUE _dEG- ScBUE |
||
| 082 | 0 | 4 |
_a892.717 _bج د ع _222 |
| 100 | 1 |
_aجدع، أحمد، _d1941- _eمؤلف. _915301 |
|
| 245 | 1 | 0 |
_aدواوين الشعر الإسلامي المعاصر : _bدراسة وتوثيق / _cأحمد الجدع. |
| 250 | _aالطبعة الأولى. | ||
| 264 | 1 |
_aعمان، الأردن : _bدار الضياء للنشر والتوزيع، _c1985. |
|
| 300 |
_a342 صفحة ؛ _c24 سم |
||
| 336 |
_2rdacontent _aنص _btxt |
||
| 337 |
_2rdamedia _aبدون وسيط _bn |
||
| 338 |
_2rdacarrier _aمجلد _bnc |
||
| 500 | _aيشتمل على كشافات. | ||
| 504 | _aيشتمل على إرجاعات ببليوجرافية. | ||
| 541 |
_aألف باء ؛ _cشراء ؛ |
||
| 590 | _aAbdullah Samir | ||
| 650 | 7 |
_aالشعر الديني _xتاريخ ونقد. _2BUEsh _915416 |
|
| 650 | 7 |
_aالشعر العربي _xتاريخ ونقد. _2BUEsh _915412 |
|
| 653 |
_bARALIT _cJanuary2020 |
||
| 655 | _vReading book | ||
| 942 |
_2ddc _cBB |
||